000 00629nam a2200205Ia 4500
003 GCL
008 140319s9999 xx 000 0 ara d
040 _aGCL /
_cGCL
082 0 4 _a633.86
_bع ا
100 1 _aعباس الحميدى
245 1 0 _aالالوان الطبيعية فى الاغذية والادوية /
_cعباس الحميدى
260 _a[S.N] :
_bالمكتبة الاكاديمية ،
_c1995
300 _a200 ص
490 _a
650 0 4 _aالادوية
650 0 4 _aالهندسة الوراثية
650 0 4 _aالاغذية
650 0 4 _aالالوان الطبيعية
942 _2ddc
_cBK
999 _c36959
_d36959